• 首页
  • 本馆介绍
  • 公告通知
  • 最新文献
  • 馆藏检索
  • 电子资源
  • 读者导购
  • 参考咨询
  • 我的图书馆
  • 登录
  • 详细信息显示
  • 放入我的书架
  • 预约/预借图书
  • 作者相关作品
  • 分类相关作品
  • 丛书相关作品
  • 出版社相关作品

书目信息

  • 表格格式
  • 工作单格式
  • 卡片格式
题名:
美国楷模
    
 
作者: 彼得·科利尔 著 ;李必龙 译
分册:  
出版信息: 北京   华夏出版社  1999.09
页数: 438页
开本: 大32开
丛书名: 世界500强企业发展丛书
单 册:
中图分类: F471.264
科图分类:
主题词: 工业经济 , 国际贸易
电子资源:
ISBN: 7-5080-1944-X
000 00789nam0 2200253 45
001 0207100991
005 20021218155830.4
010    @a7-5080-1944-X@b精装@d103.30元
100    @a20020710d1999 km y0chiy0120 ea
101 0  @achi
105    @a z 000yy
200 1  @a美国楷模@AMei Guo Kai Mo@e福特史诗@EFu Te Shi Shi@f(美)彼得·科利尔等著@F(Mei)Bi De·Ke Li Er Deng Zhu@g李必龙等译
210    @a北京@c华夏出版社@d1999.09
215    @a438页@d大32开
225    @a世界500强企业发展丛书
410    @12001 @a世界500强企业发展丛书
517    @a福特史诗@AFu Te Shi Shi
606 0  @a工业经济
606 0  @a国际贸易
690    @aF471.264@v3
701  0 @a彼得·科利尔@4著
702  0 @a李必龙@ALi Bi Long@4译
801    @aCN@bPftUser@c20020710
905    @aBZT@b344071@dF471.264@e1@f1
    
    美国楷模:福特史诗/(美)彼得·科利尔等著/李必龙等译.-北京:华夏出版社,1999.09
    438页;大32开.-(世界500强企业发展丛书)
    
    
    ISBN 7-5080-1944-X(精装):103.30元
    
●
相关链接 在五车中查询图书 在当当中查询图书 在豆瓣中查询图书


正题名:美国楷模     索取号:F471.264/1         预约/预借

序号 登录号 条形码 馆藏地/架位号 状态 备注
1 342146   201399058   中心书库北库/ 北库018架A面1列5层13/ [索取号:F471.264/1] 在馆    
2 344071   201382075   中心书库北库/ 北库018架A面1列5层14/ [索取号:F471.264/1] 在馆    
山东省滨州职业学院图书馆 欢迎您!
大连网信软件有限公司© 版权所有